000 00829nam a2200193Ia 4500
001 12124
003 GE_BSU
008 181216s||||||||xx |||||||||||||| ||und||
040 _cGE_BSU
245 _aგადასახადები.დამატება. 2014. №2
245 _bსამეცნიერო-პრაქტიკული ჟურნალი
245 _cმთ.რედ.დავით ჯალაღონია,პასუხისმგებელი,მდივანი:მერინე ჯალაღონია,რედ:მადონა გელაშვილი და სხვ.
260 _aთბილისი
260 _c2014
300 _a58გვ.29სმ.
653 _aგადასახადები
653 _aდამატება
942 _cCR
999 _c45300
_d45300